Movies Quiz

Random Movies or Disney Quiz

Disney Moms Quiz Stats

Quiz Updated Nov 23, 2014

Challenge
Share
Tweet
Score 0/14 Timer 01:30
6 Plays Today
% Correct
Mrs. Jumbo
94.5%
Kanga
91.5%
Fa Li
89.4%
Mrs. Potts
87.4%
Sarabi
87.4%
Hera
85.8%
Mary Darling
85.3%
% Correct
Lady
77.3%
Queen Leah
64.8%
Queen Elinor
61.7%
Perdita
60.6%
Duchess
54.7%
Sarah Hawkins
49.2%
Eudora
43.1%

You're not logged in!

Compare scores with friends on all Sporcle quizzes.
Sign Up with Email
OR
Log In

You Might Also Like...

Show Comments

Extras

Top Quizzes Today


Score Distribution

Your Account Isn't Verified!

In order to create a playlist on Sporcle, you need to verify the email address you used during registration. Go to your Sporcle Settings to finish the process.